[Event "Ponferrada op1"]
[Site "Ponferrada"]
[Date "1992.??.??"]
[Round "3"]
[White "Azmaiparashvili, Zurab"]
[Black "Rabinovich, Joseph"]
[Result "1-0"]
[WhiteElo "2610"]
[BlackElo "2375"]
[PlyCount "85"]
[EventDate "1992.??.??"]
[EventType "swiss"]
[EventRounds "9"]
[EventCountry "ESP"]
[SourceTitle "EXT 2002"]
[Source "ChessBase"]
[SourceDate "2001.11.25"]
[SourceVersion "1"]
[SourceVersionDate "2001.11.25"]
[SourceQuality "1"]

1. Nf3 Nf6 2. c4 g6 3. Nc3 Bg7 4. e4 d6 5. d4 0-0 6. Be2 e5 7. 0-0 Nc6 8. d5 Ne7 9. Ne1 Nd7 10. Nd3 f5 11. Bd2 Nf6 12. f3 f4 13. c5 g5 14. Rc1 Ng6 15. cxd6 cxd6 16. Nb5 Rf7 17. Qc2 Ne8 18. Nf2 h5 19. a4 Nh4 20. Nxa7 Bd7 21. Nc6 Qf6 22. h3 g4 23. hxg4 Qg6 24. Qd1 hxg4 25. fxg4 bxc6 26. dxc6 Bc8 27. b4 Bh6 28. Rc3 Bg5 29. a5 Bd8 30. Rh3 Rh7 31. Be1 Qf7 32. Qb1 Qa7 33. Qb2 Qb8 34. Bc3 Raa7 35. Rb1 f3 36. gxf3 Ng6 37. b5 Rxh3 38. Nxh3 Rh7 39. Bf1 Bxa5 40. Bxa5 Qa7+ 41. b6 Qxa5 42. b7 Qa7+ 43. Qb6 1-0

[Event "Ponferrada op1"]
[Site "Ponferrada"]
[Date "1992.??.??"]
[Round "9"]
[White "Rabinovich, Joseph"]
[Black "Oliver Martinez Fornes, Carlos"]
[Result "0-1"]
[WhiteElo "2375"]
[BlackElo "2265"]
[PlyCount "88"]
[EventDate "1992.??.??"]
[EventType "swiss"]
[EventRounds "9"]
[EventCountry "ESP"]
[SourceTitle "EXT 2002"]
[Source "ChessBase"]
[SourceDate "2001.11.25"]
[SourceVersion "1"]
[SourceVersionDate "2001.11.25"]
[SourceQuality "1"]

1. e4 e6 2. d4 d5 3. exd5 exd5 4. Nf3 Nf6 5. Bd3 Be7 6. h3 0-0 7. 0-0 c5 8. dxc5 Bxc5 9. Bg5 Nc6 10. Nbd2 Bb6 11. Nb3 h6 12. Bh4 Qd6 13. c4 g5 14. Rc1 gxh4 15. c5 Qf4 16. cxb6 axb6 17. a3 Kh8 18. Qd2 Nh5 19. Rfd1 Rg8 20. Qxf4 Nxf4 21. Nxh4 Ra4 22. Kh2 Nxd3 23. Rxd3 Rxh4 24. Rxd5 Be6 25. Rb5 Re4 26. Rc2 Re1 27. Rd2 Ne5 28. Rd4 Re2 29. Rd2 Rxd2 30. Nxd2 Rd8 31. Ne4 Nc4 32. Rb4 Nd6 33. Nxd6 Rxd6 34. f4 Rd2 35. Kg1 Bd5 36. g4 Kg7 37. b3 Rd3 38. a4 Bxb3 39. Rxb6 Bxa4 40. Rxb7 Bc6 41. Rc7 Be4 42. Rc4 Bd5 43. Rb4 h5 44. Rb6 h4 0-1

[Event "Ponferrada op1"]
[Site "Ponferrada"]
[Date "1992.??.??"]
[Round "?"]
[White "Tejero Garces, Jorge"]
[Black "Rabinovich, Joseph"]
[Result "1-0"]
[WhiteElo "2290"]
[BlackElo "2375"]
[PlyCount "59"]
[EventDate "1992.??.??"]
[EventType "swiss"]
[EventRounds "9"]
[EventCountry "ESP"]
[SourceTitle "EXT 2002"]
[Source "ChessBase"]
[SourceDate "2001.11.25"]
[SourceVersion "1"]
[SourceVersionDate "2001.11.25"]
[SourceQuality "1"]

1. e4 c5 2. Nf3 d6 3. d4 cxd4 4. Nxd4 Nf6 5. Nc3 Nc6 6. Bg5 Qb6 7. Nb3 e6 8. Be3 Qc7 9. f4 a6 10. Bd3 b5 11. 0-0 Bb7 12. Qf3 Be7 13. Qh3 0-0 14. g4 Nb4 15. g5 Nd7 16. Nd4 Rfe8 17. f5 exf5 18. Nxf5 Ne5 19. Qh5 Nbxd3 20. cxd3 b4 21. Ne2 Qc2 22. Nf4 Rac8 23. Bd4 Bf8 24. Rf2 Qa4 25. b3 Qd7 26. Raf1 Rc7 27. Rg2 Nxd3 28. Nh6+ Kh8 29. g6 Nxf4 30. Nxf7+ 1-0